Spracovanie dát pre potreby sledovania energetického metabolizmu

Saved in:
Bibliographic Details
Main Author: Smetanka, Jakub (Author)
Other Authors: Hambalík, Alexander (Thesis advisor)
Format: Manuscript Book
Language:Slovak
Published: Bratislava : STU v Bratislave FEI, 2020
Subjects:
Online Access:https://opac.crzp.sk/?fn=detailBiblioForm&sid=FD287398550734C84EB216BBBA89&seo=CRZP-detail-kniha
Tags: Add Tag
No Tags, Be the first to tag this record!

MARC

LEADER 00000ntm a22000003a 4500
001 stuzp71614
003 SK-STU
005 20200728121720.2
007 ta
008 150427s2015----xo-----f-mn---000-0-slo-d
040 |a STU  |b slo 
041 0 |a slo 
044 |a xo 
100 1 |a Smetanka, Jakub  |u 035000  |4 aut  |U FEI Fakulta elektrotechniky a informatiky  |T FEI Ústav informatiky a matematiky  |X 74804  |U E050  |Y 816  |7 74804 
242 0 1 |a Data processing for monitoring energy metabolism  |y eng 
245 1 0 |a Spracovanie dát pre potreby sledovania energetického metabolizmu 
260 |c Bratislava :  |c STU v Bratislave FEI,  |c 2020 
300 |a 69 s. 
650 4 |a informačný systém  |2 slo 
650 4 |a spracovanie dát  |2 slo 
650 4 |a fyzická aktivita  |2 slo 
650 4 |a nergetický metabolizmus  |2 slo 
650 4 |a webová aplikácia  |2 slo 
650 4 |a physical activity  |2 eng 
650 4 |a data processing  |2 eng 
650 4 |a energetic metabolism  |2 eng 
650 4 |a information system  |2 eng 
650 4 |a web application  |2 eng 
700 1 |a Hambalík, Alexander  |u 035000  |k Z1  |4 ths  |U FEI Fakulta elektrotechniky a informatiky  |T FEI Ústav informatiky a matematiky  |X 284  |U E050  |Y 816  |7 A000000284 
856 4 |u https://opac.crzp.sk/?fn=detailBiblioForm&sid=FD287398550734C84EB216BBBA89&seo=CRZP-detail-kniha